000 01170nam a2200265Ia 4500
003 OSt
005 20250715171642.0
008 220909b |||||||| |||| 00| 0 eng d
020 _a9780205735679
040 _aCSL
_beng
_cCSL
041 _aeng
084 _aY:17 M9;Q0;1
_qCSL
100 _aFagan, Brian M
_eauthor.
_910867
245 0 _aPeople of the Earth
_b: Introduction to World Pre-History
250 _a13th ed.
260 _aNew Jersey :
_b Pearson Edu,
_c2010.
300 _axxiv, 552p.
500 _aIncludes Index 531-552p.
520 _aThis internationally renowned text provides the only truly global account of human prehistory from the earliest times through the earliest civilizations. Written in an accessible way, People of the Earth shows how today's diverse humanity developed biologically and culturally over millions of years against a background of constant climatic change.
650 _aPeople of the earth.
_9815708
650 _aWorld prehistory.
_9815709
650 _aAnthropology.
942 _hY:17 M9;Q0;1
_cTEXL
_2CC
_n0
999 _c13342
_d13342